000
00256nam a22001217a 4500
041
_a
ENG
100
_a
Achaya.K.T
245
_a
Your Food And You
260
_a
India
_b
National Book Trust
_c
1975
300
_a
104
650
_a
APE (10)
856
_u
APE (10)
999
_c
2887
_d
2887